Nghiệp vụ công tác đội thiếu niên tiền phong Hồ Chí Minh
Lịch sử truyền thống đội, lễ trao cờ, lễ trào cờ, đại hội và những chương trình sinh hoạt, trò chơi của đội thiếu niên tiền phong Hồ Chí Minh
Đã lưu trong:
| 主要作者: | |
|---|---|
| 其他作者: | , , |
| 格式: | 圖書 |
| 語言: | Vietnamese |
| 出版: |
H.
Kim Đồng
1980
|
| 主題: | |
| 標簽: |
添加標簽
沒有標簽, 成為第一個標記此記錄!
|
| Thư viện lưu trữ: | Mạng thư viện Đại học Đà Nẵng |
|---|
| LEADER | 01381nam a2200337 4500 | ||
|---|---|---|---|
| 001 | 000015111 | ||
| 003 | 11485 | ||
| 005 | 20120523090539.0 | ||
| 008 | 120522s1980 viesd | ||
| 041 | 0 | |a vie | |
| 082 | |a 335.54 |b Ngh | ||
| 100 | 0 | |a Trương Đình Bảng | |
| 245 | 0 | |a Nghiệp vụ công tác đội thiếu niên tiền phong Hồ Chí Minh |c Trương Đình Bảng, Phong Nhã, Quang An,... Bìa của Tôn Đức Lượng | |
| 260 | |a H. |b Kim Đồng |c 1980 | ||
| 300 | |a 183tr. |c 19 cm | ||
| 520 | |a Lịch sử truyền thống đội, lễ trao cờ, lễ trào cờ, đại hội và những chương trình sinh hoạt, trò chơi của đội thiếu niên tiền phong Hồ Chí Minh | ||
| 653 | |a công tác đội | ||
| 653 | |a đội thiếu niên tiền phong Hồ Chí Minh | ||
| 700 | |a Nguyễn Hiệp |e tác giả | ||
| 700 | |a Phong Nhã |e tác giả | ||
| 700 | |a Phạm Hanh |e tác giả | ||
| OWN | |a LSP | ||
| AVA | |a UDN50 |b LSP |d 335.54 Ngh |e available |t Error 5001 Not defined in file expand_doc_bib_avail. |f 1 |g 0 |h N |i 0 |k 1 | ||
| 999 | |a From the UDN01 | ||
| AVA | |a UDN50 |b LSP |d 335.54 Ngh |e available |t Error 5001 Not defined in file expand_doc_bib_avail. |f 1 |g 0 |h N |i 0 |k 1 | ||
| TYP | |a Monograph | ||
| TYP | |a Printed language | ||
| 980 | |a Mạng thư viện Đại học Đà Nẵng | ||